书目信息 |
| 题名: |
科技档案管理
|
|
| 作者: | 高金宇 , 刘益芝 主编 | |
| 分册: | ||
| 出版信息: | 北京 科学出版社 2022.01 |
|
| 页数: | 226页 | |
| 开本: | 26cm | |
| 丛书名: | 档案管理专业系列教材 | |
| 单 册: | ||
| 中图分类: | G275.3 | |
| 科图分类: | ||
| 主题词: | 技术档案--ji shu dang an--档案管理--职业教育--教材 | |
| 电子资源: | ||
| ISBN: | 978-7-03-037289-5 | |
| 000 | 01269nam 2200301 450 | |
| 001 | 012001001006 | |
| 005 | 20141202102037.0 | |
| 010 | @a978-7-03-037289-5@dCNY34.00 | |
| 099 | @aCAL 012014091951 | |
| 100 | @a20220905d2013 em y0chiy50 ea | |
| 101 | 0 | @achi |
| 102 | @aCN@b110000 | |
| 105 | @ay a 000yy | |
| 106 | @ar | |
| 200 | 1 | @a科技档案管理@Ake ji dang an guan li@f高金宇, 刘益芝主编 |
| 210 | @a北京@c科学出版社@d2022.01 | |
| 215 | @a226页@d26cm | |
| 225 | 2 | @a档案管理专业系列教材@Adang an guan li zhuan ye xi lie jiao cai |
| 320 | @a有书目 | |
| 330 | @a本书在论述科技档案管理基本原理的基础上, 根据当前科技档案和科技档案工作的特点, 重点介绍了科技档案工作的原则、方法和要求, 主要内容涉及科学技术活动概述, 科技档案的概念、特点、种类及功能, 科技档案工作的组织建设与事务管理, 科技文件材料及其管理, 科技档案的收集、整理、鉴定、保管、统计以及科技档案信息资源的开发利用等。 | |
| 333 | @a职业教育“十二五”规划教材 | |
| 410 | 0 | @12001@a档案管理专业系列教材@Adang an guan li zhuan ye xi lie jiao cai |
| 606 | 0 | @a技术档案@Aji shu dang an@x档案管理@x职业教育@j教材 |
| 690 | @aG275.3@v5 | |
| 701 | 0 | @a高金宇@Agao jin yu@4主编 |
| 701 | 0 | @a刘益芝@Aliu yi zhi@c(档案学)@4主编 |
| 801 | 0 | @aCN@bAHXH@c20221111 |
| 905 | @b1370304-6@dG275.3@e260@f3 | |
| 科技档案管理/高金宇, 刘益芝主编.-北京:科学出版社,2022.01 |
| 226页;26cm.-(档案管理专业系列教材) |
| 使用对象:职业教育“十二五”规划教材 |
| ISBN 978-7-03-037289-5:CNY34.00 |
| 本书在论述科技档案管理基本原理的基础上, 根据当前科技档案和科技档案工作的特点, 重点介绍了科技档案工作的原则、方法和要求, 主要内容涉及科学技术活动概述, 科技档案的概念、特点、种类及功能, 科技档案工作的组织建设与事务管理, 科技文件材料及其管理, 科技档案的收集、整理、鉴定、保管、统计以及科技档案信息资源的开发利用等。 |
| ● |
| 相关链接 |
|
|
|
|
正题名:科技档案管理
索取号:G275.3/260
 
预约/预借
| 序号 | 登录号 | 条形码 | 馆藏地/架位号 | 状态 | 备注 |
| 1 | 1370304 | 213703045 | 第一样本阅览室/ [索取号:G275.3/260] | 在馆 | |
| 2 | 1370305 | 213703054 | 第四借阅区/ [索取号:G275.3/260] | 在馆 | |
| 3 | 1370306 | 213703063 | 第四借阅区/ [索取号:G275.3/260] | 在馆 |